000
00331cam a2200145ua 4500
001
5582
008
140104n II |||gr||||Z||||||eng
040
_a
MAIN
041
_a
English
082
_a
491.4509 SIN
100
_a
SINGHA , RAGHUBIR.
245
_a
RELIGION AND CULTURE OF NE INDIA
653
_a
Asamar Sanskriti
942
_c
BK
999
_c
5567
_d
5567